Normal view MARC view
  • Gordon J. King

Entry Personal Name

Number of records used in: 2

001 - CONTROL NUMBER

  • control field: 106087

003 - CONTROL NUMBER IDENTIFIER

  • control field: NUST

005 - DATE AND TIME OF LATEST TRANSACTION

  • control field: 20221227145844.0

008 - FIXED-LENGTH DATA ELEMENTS

  • fixed length control field: 221227|| aca||aabn | a|a d

040 ## - CATALOGING SOURCE

  • Original cataloging agency: NUST
  • Transcribing agency: NUST

100 ## - HEADING--PERSONAL NAME

  • Personal name: Gordon J. King

670 ## - SOURCE DATA FOUND

  • Source citation: Work cat.: (NUST)183709: Gordon J. King, F.M.radio servicing handbook /, 1970
© 2023 Central Library, National University of Sciences and Technology. All Rights Reserved.